| 000 | 00444nam a2200169Ia 4500 | ||
|---|---|---|---|
| 008 | 220803s9999 xx 000 0 und d | ||
| 020 | _a0-89789-320-4 | ||
| 041 | _aeng | ||
| 082 | _a720.22 ROT/MCD | ||
| 100 |
_aRotenberg R Ed. _924084 |
||
| 245 | _aCultural Meaning Of Urban Space | ||
| 260 |
_aLondon _bBergin And Garvey _c1993 |
||
| 300 | _a226p | ||
| 500 | _aArchitecture | ||
| 650 |
_aResearch _924085 |
||
| 700 |
_aMcDonogh G Ed. _924086 |
||
| 999 |
_c15271 _d15271 |
||